| 000 | 01361cam a2200373 a 4500 | ||
|---|---|---|---|
| 001 | 16308525 | ||
| 003 | OSt | ||
| 005 | 20170105102901.0 | ||
| 008 | 100629s2011 enk b 001 0 eng | ||
| 010 | _a 2010027554 | ||
| 020 | _a9780415595964 (hardback) | ||
| 020 | _a0415595967 (hardback) | ||
| 020 | _a9780203833902 (ebook) | ||
| 020 | _a0203833902 (ebook) | ||
| 035 | _a(OCoLC)ocn701237520 | ||
| 040 |
_aDLC _cDLC _dYDX _dYDXCP _dVVC _dDLC |
||
| 043 | _aa-ii--- | ||
| 050 | 0 | 0 |
_aJQ298.B55 _bS39 2011 |
| 082 | 0 | 0 |
_a324.254083 _222 _bSCH 2011 |
| 100 | 1 | _aSchwecke, Sebastian. | |
| 245 | 1 | 0 |
_aNew cultural identitarian political movements in developing societies : _bthe Bharatiya Janata Party / _cSebastian Schwecke. |
| 260 |
_aMilton Park, Abingdon, Oxon ; _aNew York : _bRoutledge, _c2011. |
||
| 300 |
_axxii, 218 p. ; _c24 cm. |
||
| 490 | 1 |
_aRoutledge advances in South Asian studies ; _v19 |
|
| 504 | _aIncludes bibliographical references and index. | ||
| 610 | 2 | 0 | _aBharatiya Janata Party. |
| 650 | 0 |
_aGroup identity _xPolitical aspects _zIndia. |
|
| 651 | 0 |
_aIndia _xPolitics and government _y1977- |
|
| 651 | 0 |
_aIndia _xEthnic relations _xPolitical aspects. |
|
| 830 | 0 |
_aRoutledge advances in South Asian studies ; _v19. |
|
| 906 |
_a7 _bcbc _corignew _d1 _eecip _f20 _gy-gencatlg |
||
| 942 |
_2ddc _cBK |
||
| 999 |
_c14642 _d14642 |
||